MARC details
| 000 -LEADER |
| fixed length control field |
00957cam a22002774a 4500 |
| 001 - CONTROL NUMBER |
| control field |
14951152 |
| 005 - DATE AND TIME OF LATEST TRANSACTION |
| control field |
20231205052616.0 |
| 008 - FIXED-LENGTH DATA ELEMENTS--GENERAL INFORMATION |
| fixed length control field |
070802s2007 nmu b 001 0 eng |
| 020 ## - INTERNATIONAL STANDARD BOOK NUMBER |
| ISBN |
9781930618916 (pa : alk. paper) |
| 040 ## - CATALOGING SOURCE (பட்டியலாக்க மூலம்) |
| Original cataloging agency |
DLC |
| Transcribing agency |
DLC |
| Modifying agency |
DLC |
| 082 00 - DDC Classification |
| Class No. |
305.48/9694209 |
| DDC Edition Number |
22 |
| 245 04 - TITLE STATEMENT |
| Title |
The gender of globalization : |
| Remainder of title |
women navigating cultural and economic marginalities / |
| Statement of responsibility, etc. |
edited by Nandini Gunewardena and Ann Kingsolver. |
| 250 ## - EDITION STATEMENT |
| Edition statement |
1st ed. |
| 260 ## - PUBLICATION, DISTRIBUTION, ETC. |
| Place of publication, distribution, etc. |
Santa Fe, N.M. : |
| Name of publisher, distributor, etc. |
School for Advanced Research Press, |
| Date of publication, distribution, etc. |
2007. |
| 300 ## - PHYSICAL DESCRIPTION |
| Extent (e.g. Volumes, Pages etc.) |
xv, 356 p. ; |
| 490 0# - SERIES STATEMENT |
| Series statement |
School for Advanced Research advanced seminar series |
| 650 #0 - SUBJECT ADDED ENTRY--TOPICAL TERM |
| Topical term or geographic name entry element |
Poor women |
| 650 #0 - SUBJECT ADDED ENTRY--TOPICAL TERM |
| Topical term or geographic name entry element |
Globalization |
| 650 #0 - SUBJECT ADDED ENTRY--TOPICAL TERM |
| Topical term or geographic name entry element |
Globalization |
| 650 #0 - SUBJECT ADDED ENTRY--TOPICAL TERM |
| Topical term or geographic name entry element |
Culture and globalization |
| 650 #0 - SUBJECT ADDED ENTRY--TOPICAL TERM |
| Topical term or geographic name entry element |
Marginality, Social |
| 700 1# - ADDED ENTRY--PERSONAL NAME |
| Personal name |
Gunewardena, Nandini. |
| Relator term (Role) |
Editor |
| 700 1# - ADDED ENTRY--PERSONAL NAME |
| Personal name |
Kingsolver, Ann E., |
| Relator term (Role) |
Editor |
| 856 41 - ELECTRONIC LOCATION AND ACCESS |
| Uniform Resource Identifier |
<a href="http://www.loc.gov/catdir/toc/ecip0724/2007031821.html">http://www.loc.gov/catdir/toc/ecip0724/2007031821.html</a> |
| 942 ## - Koha item type (Biblio) |
| Koha item type |
Books in Stacks (Lending) |